[Event "Mitropa Cup (Women) 10th"]
[Site "Meissen"]
[Date "2013.06.03"]
[Round "3.1"]
[White "Purgar, Ivona"]
[Black "Klek, Hanna Marie"]
[Result "1/2-1/2"]
[WhiteElo "2123"]
[BlackElo "2287"]
[PlyCount "104"]
[EventDate "2013.06.01"]
[EventType "team-tourn"]
[EventRounds "9"]
[EventCountry "GER"]
[Source "ChessBase"]
[SourceDate "2013.06.25"]
[WhiteTeam "Croatia (W)"]
[BlackTeam "Germany (W)"]
[WhiteTeamCountry "CRO"]
[BlackTeamCountry "GER"]

1. e4 e5 2. Nf3 Nc6 3. Bb5 a6 4. Ba4 Nf6 5. d3 b5 6. Bb3 Bc5 7. c3 d6 8. O-O
O-O 9. Re1 Bb6 10. h3 Ne7 11. Nbd2 Ng6 12. Nf1 h6 13. Ng3 Re8 14. a4 Bb7 15.
Nf5 d5 16. exd5 Nxd5 17. axb5 axb5 18. Rxa8 Bxa8 19. d4 e4 20. Nh2 Ndf4 21. Qg4
h5 22. Qg3 Ne6 23. Nf1 Qf6 24. Bxe6 fxe6 25. N5e3 e5 26. Nc2 exd4 27. Nxd4 Rf8
28. Be3 Ne5 29. Bg5 Qf7 30. Ne3 Nd3 31. Re2 Kh7 32. Nxb5 Qd7 33. Nd4 c5 34. Nb3
Qb5 35. Nd2 Nc1 36. Re1 Ne2+ 37. Rxe2 Qxe2 38. Ndc4 Ba7 39. Bf4 Rf6 40. Be5 Rg6
41. Qh4 Bc6 42. Bg3 Re6 43. Qf4 Rf6 44. Qc7 Bd5 45. Nd6 Bb3 46. Qxa7 h4 47.
Bxh4 Rxd6 48. Qxc5 Qd3 49. Qh5+ Kg8 50. Qe8+ Kh7 51. Qh5+ Kg8 52. Qe8+ Kh7
1/2-1/2

[Event "Mitropa Cup (Women) 10th"]
[Site "Meissen"]
[Date "2013.06.03"]
[Round "3.2"]
[White "Krivec, Jana"]
[Black "Novosadova, Kristyna"]
[Result "1/2-1/2"]
[WhiteElo "2244"]
[BlackElo "2179"]
[PlyCount "83"]
[EventDate "2013.06.01"]
[EventType "team-tourn"]
[EventRounds "9"]
[EventCountry "GER"]
[Source "ChessBase"]
[SourceDate "2013.06.25"]
[WhiteTeam "Slovenia (W)"]
[BlackTeam "Czechia (W)"]
[WhiteTeamCountry "SLO"]
[BlackTeamCountry "CZE"]

1. e4 e5 2. Nc3 Nf6 3. Bc4 Nxe4 4. Qh5 Nd6 5. Qxe5+ Qe7 6. Qxe7+ Bxe7 7. Bb3
Nf5 8. Nf3 Nc6 9. Nd5 Bd6 10. c3 b6 11. O-O O-O 12. d4 Bb7 13. Bc2 Nce7 14.
Nxe7+ Nxe7 15. Ne5 Rad8 16. Re1 Ng6 17. Bg5 Rc8 18. Nxg6 hxg6 19. Be7 Bxe7 20.
Rxe7 Rfe8 21. Rae1 Kf8 22. Rxe8+ Rxe8 23. Rxe8+ Kxe8 24. f4 Ke7 25. Kf2 f5 26.
Bb3 Kf6 27. h4 Be4 28. g3 Ke7 29. Ke3 Kf6 30. g4 Bh1 31. g5+ Ke7 32. a3 Be4 33.
Ba2 Kf8 34. b4 Ke7 35. c4 d5 36. c5 b5 37. Bb3 c6 38. a4 a6 39. axb5 axb5 40.
Bd1 Kf7 41. Be2 Bc2 42. Kd2 1/2-1/2

[Event "Mitropa Cup (Women) 10th"]
[Site "Meissen"]
[Date "2013.06.03"]
[Round "3.3"]
[White "Kochetkova, Julia"]
[Black "Juhasz, Barbara"]
[Result "1/2-1/2"]
[WhiteElo "2348"]
[BlackElo "2153"]
[PlyCount "62"]
[EventDate "2013.06.01"]
[EventType "team-tourn"]
[EventRounds "9"]
[EventCountry "GER"]
[Source "ChessBase"]
[SourceDate "2013.06.25"]
[WhiteTeam "Slovakia (W)"]
[BlackTeam "Hungary (W)"]
[WhiteTeamCountry "SVK"]
[BlackTeamCountry "HUN"]

1. e4 e5 2. Nf3 Nc6 3. d4 exd4 4. Nxd4 Bc5 5. Nb3 Bb6 6. Nc3 d6 7. Qe2 Nge7 8.
Bg5 h6 9. Bh4 Be6 10. Qd2 Qd7 11. O-O-O O-O 12. f3 f5 13. Bf2 Kh8 14. Kb1 fxe4
15. Nxe4 Bf5 16. Ng3 Bg6 17. Bb5 Bxf2 18. Qxf2 a6 19. Bd3 Bxd3 20. Rxd3 Ne5 21.
Rd2 a5 22. Re1 N7g6 23. Qd4 Rae8 24. Ne4 b6 25. a3 Rd8 26. Nc3 Rde8 27. Rdd1
Rf4 28. Qf2 Ref8 29. Nd5 R4f7 30. Qd4 a4 31. Nc1 b5 1/2-1/2

[Event "Mitropa Cup (Women) 10th"]
[Site "Meissen"]
[Date "2013.06.03"]
[Round "3.3"]
[White "Varga, Klara"]
[Black "Repkova, Eva"]
[Result "0-1"]
[WhiteElo "2204"]
[BlackElo "2363"]
[PlyCount "114"]
[EventDate "2013.06.01"]
[EventType "team-tourn"]
[EventRounds "9"]
[EventCountry "GER"]
[Source "ChessBase"]
[SourceDate "2013.06.25"]
[WhiteTeam "Hungary (W)"]
[BlackTeam "Slovakia (W)"]
[WhiteTeamCountry "HUN"]
[BlackTeamCountry "SVK"]

1. c4 e6 2. Nf3 Nf6 3. Nc3 d5 4. d4 Be7 5. g3 O-O 6. Bg2 dxc4 7. Ne5 c5 8. dxc5
Qc7 9. Nxc4 Qxc5 10. b3 Rd8 11. Qc2 Nc6 12. Ba3 Nb4 13. Bxb4 Qxb4 14. O-O Nd5
15. Ne4 f5 16. a3 Qb5 17. Ned2 Bf6 18. Rae1 Ne7 19. e4 Nc6 20. Nf3 fxe4 21.
Qxe4 Qxb3 22. Re3 Qb5 23. Bh3 Nd4 24. Ncd2 Qd5 25. Rfe1 Qxe4 26. Rxe4 e5 27.
Bxc8 Raxc8 28. Kg2 Rc2 29. Rb1 b6 30. a4 Ra2 31. Rb4 Nc6 32. Rbc4 Na5 33. Rc7
Rdxd2 34. Nxd2 Rxd2 35. Rxa7 Rd4 36. Kf3 Nb3 37. Re3 e4+ 38. Kg2 Rb4 39. Re2 h6
40. Re1 Na5 41. Ra6 Kh7 42. Re2 Kg6 43. f3 e3 44. Rxe3 Rxa4 45. Re6 b5 46. Reb6
Nc4 47. Rxa4 bxa4 48. Rb4 Nb2 49. Rb6 Kf5 50. Ra6 Ke5 51. h4 Kd4 52. Kh3 Kc4
53. g4 Kb5 54. Ra8 Be5 55. g5 h5 56. Ra7 Nd3 57. Kg2 Ne1+ 0-1

[Event "Mitropa Cup (Women) 10th"]
[Site "Meissen"]
[Date "2013.06.03"]
[Round "3.4"]
[White "Zimina, Olga"]
[Black "Heinatz, Gundula"]
[Result "1-0"]
[WhiteElo "2335"]
[BlackElo "2197"]
[PlyCount "177"]
[EventDate "2013.06.01"]
[EventType "team-tourn"]
[EventRounds "9"]
[EventCountry "GER"]
[Source "ChessBase"]
[SourceDate "2013.06.25"]
[WhiteTeam "Italy (W)"]
[BlackTeam "Switzerland (W)"]
[WhiteTeamCountry "ITA"]
[BlackTeamCountry "SUI"]

1. Nf3 Nf6 2. c4 e6 3. g3 b6 4. Bg2 Bb7 5. O-O Be7 6. Nc3 O-O 7. Re1 d5 8. cxd5
Nxd5 9. Nxd5 Bxd5 10. e4 Bb7 11. d4 Nd7 12. Bf4 h6 13. Rc1 Rc8 14. Qa4 a6 15.
Rcd1 b5 16. Qc2 Bd6 17. Be3 Re8 18. a3 Nb6 19. e5 Bxf3 20. Bxf3 Bf8 21. Bb7 Rb8
22. Bc6 Nd5 23. Bxe8 Qxe8 24. Rc1 a5 25. Bd2 b4 26. axb4 axb4 27. Qc4 g6 28.
Ra1 Rb7 29. Ra5 Nb6 30. Qd3 Qd7 31. Qe4 Rb8 32. Rc1 Nd5 33. Be3 Kh7 34. h4 h5
35. Bg5 Be7 36. Kg2 Rd8 37. Ra7 Kg7 38. Qf3 Bxg5 39. hxg5 Qe7 40. Rcxc7 Nxc7
41. Qf6+ Qxf6 42. exf6+ Kg8 43. Rxc7 Rxd4 44. Rc8+ Kh7 45. Rf8 Rd7 46. Kf3 b3
47. Ke3 Rc7 48. Rb8 Rc5 49. f4 e5 50. Rxb3 exf4+ 51. gxf4 Rc2 52. Kf3 Kg8 53.
Rb8+ Kh7 54. Rf8 Rc7 55. Re8 Rc4 56. Re3 Rb4 57. b3 Kg8 58. Kg3 Kh7 59. Rf3 Kg8
60. Kf2 Kf8 61. Ke2 Ke8 62. Kd2 h4 63. Ke2 Kd7 64. Rd3+ Ke6 65. Kf3 h3 66. Re3+
Kd6 67. Kg4 h2 68. Rd3+ Ke6 69. Re3+ Kd6 70. Rh3 Rxb3 71. Rxh2 Rb7 72. Re2 Ra7
73. Re4 Rb7 74. Ra4 Ke6 75. Ra8 Rc7 76. Ra6+ Kd7 77. Ra4 Ke6 78. Re4+ Kd6 79.
f5 gxf5+ 80. Kxf5 Rc5+ 81. Kg4 Rc7 82. Kh5 Rc1 83. Kh6 Rh1+ 84. Kg7 Rg1 85.
Kxf7 Rxg5 86. Kf8 Kd7 87. f7 Rg2 88. Rd4+ Kc7 89. Ke7 1-0

[Event "Mitropa Cup (Women) 10th"]
[Site "Meissen"]
[Date "2013.06.04"]
[Round "4.1"]
[White "Deur, Zrinka"]
[Black "Novkovic, Julia"]
[Result "1/2-1/2"]
[WhiteElo "2104"]
[BlackElo "2132"]
[PlyCount "120"]
[EventDate "2013.06.01"]
[EventType "team-tourn"]
[EventRounds "9"]
[EventCountry "GER"]
[Source "ChessBase"]
[SourceDate "2013.06.25"]
[WhiteTeam "Croatia (W)"]
[BlackTeam "Austria (W)"]
[WhiteTeamCountry "CRO"]
[BlackTeamCountry "AUT"]

1. e4 e5 2. Nf3 Nc6 3. Bb5 a6 4. Ba4 Nf6 5. O-O Be7 6. Re1 b5 7. Bb3 d6 8. c3
O-O 9. h3 Na5 10. Bc2 c5 11. d4 Nc6 12. d5 Na7 13. Nbd2 Ne8 14. b3 Bd7 15. Nf1
g6 16. N3h2 Bg5 17. Ng3 Ng7 18. Rf1 Bxc1 19. Qxc1 b4 20. c4 a5 21. Qe3 a4 22.
Qd2 Nc8 23. Ne2 axb3 24. axb3 Rxa1 25. Rxa1 f5 26. exf5 Bxf5 27. Nf3 Qe7 28.
Ra2 Bxh3 29. Qh6 Bd7 30. Ng3 Ne8 31. Ne4 Qg7 32. Qxg7+ Kxg7 33. Ra8 h6 34. Rb8
Nf6 35. Rb7 Rf7 36. Nfd2 Bf5 37. Rb8 Nxe4 38. Bxe4 Rc7 39. f3 Bd7 40. Bd3 Ra7
41. Kf2 Rc7 42. Ke3 Kf6 43. Ne4+ Ke7 44. Ra8 Rb7 45. Ng3 Kf7 46. Ne4 Rb6 47.
Nf2 Ne7 48. g4 Bc8 49. Ra7 Bb7 50. Ne4 Nc8 51. Ra1 Kg7 52. Ra5 Ra6 53. Rb5 Ra7
54. Bf1 Kf7 55. g5 hxg5 56. Bh3 Ke7 57. Nxg5 Kd8 58. Ne6+ Ke7 59. Ng5 Kd8 60.
Ne6+ Ke7 1/2-1/2

[Event "Mitropa Cup (Women) 10th"]
[Site "Meissen"]
[Date "2013.06.04"]
[Round "4.1"]
[White "Schnegg, Anna Lena"]
[Black "Purgar, Ivona"]
[Result "0-1"]
[WhiteElo "2118"]
[BlackElo "2123"]
[PlyCount "78"]
[EventDate "2013.06.01"]
[EventType "team-tourn"]
[EventRounds "9"]
[EventCountry "GER"]
[Source "ChessBase"]
[SourceDate "2013.06.25"]
[WhiteTeam "Austria (W)"]
[BlackTeam "Croatia (W)"]
[WhiteTeamCountry "AUT"]
[BlackTeamCountry "CRO"]

1. e4 c5 2. Nf3 e6 3. d4 cxd4 4. Nxd4 Nf6 5. Nc3 d6 6. Be3 a6 7. f3 b5 8. g4 h6
9. h4 b4 10. Nce2 e5 11. Nf5 d5 12. g5 hxg5 13. Bxg5 Be6 14. Neg3 g6 15. Ne3 d4
16. Ng4 Nbd7 17. Bh3 Be7 18. Nxf6+ Bxf6 19. Bxe6 fxe6 20. Qd2 Qa5 21. O-O Qc5
22. Kg2 Qe7 23. Rh1 a5 24. Rad1 Rc8 25. Rc1 Nb6 26. c3 Nc4 27. Qd3 Nxb2 28.
Qb5+ Kf7 29. Bxf6 Kxf6 30. cxd4 exd4 31. e5+ Kg7 32. Qe2 Na4 33. Rxc8 Rxc8 34.
Qd1 Qd7 35. h5 d3 36. hxg6 Rc2+ 37. Kf1 Qd4 38. Ne4 Qe3 39. Nd2 Rxd2 0-1

[Event "Mitropa Cup (Women) 10th"]
[Site "Meissen"]
[Date "2013.06.04"]
[Round "4.5"]
[White "Novosadova, Kristyna"]
[Black "Klek, Hanna Marie"]
[Result "1-0"]
[WhiteElo "2179"]
[BlackElo "2287"]
[PlyCount "65"]
[EventDate "2013.06.01"]
[EventType "team-tourn"]
[EventRounds "9"]
[EventCountry "GER"]
[Source "ChessBase"]
[SourceDate "2013.06.25"]
[WhiteTeam "Czechia (W)"]
[BlackTeam "Germany (W)"]
[WhiteTeamCountry "CZE"]
[BlackTeamCountry "GER"]

1. e4 e5 2. Nf3 Nc6 3. d4 exd4 4. c3 Nf6 5. e5 Ne4 6. cxd4 d5 7. Nc3 Bb4 8. Qb3
O-O 9. Bb5 Bg4 10. Be3 f6 11. O-O-O Bxc3 12. bxc3 Na5 13. Qc2 Qe7 14. Kb2 fxe5
15. dxe5 Rxf3 16. gxf3 Bxf3 17. Rhg1 c6 18. Bd3 b5 19. Rde1 g6 20. Be2 Bxe2 21.
Rxe2 Nc4+ 22. Ka1 Qxe5 23. Bd4 Qf5 24. f3 Qxf3 25. Rf2 Qh5 26. Rf4 Re8 27. Rgf1
c5 28. Bxc5 Nxc5 29. Qf2 Ne6 30. Rxc4 Rf8 31. Rc8 Rxc8 32. Qf7+ Kh8 33. Qf6+
1-0

[Event "Mitropa Cup (Women) 10th"]
[Site "Meissen"]
[Date "2013.06.04"]
[Round "4.5"]
[White "Osmanodja, Filiz"]
[Black "Mareckova, Martina"]
[Result "1-0"]
[WhiteElo "2255"]
[BlackElo "2065"]
[PlyCount "103"]
[EventDate "2013.06.01"]
[EventType "team-tourn"]
[EventRounds "9"]
[EventCountry "GER"]
[Source "ChessBase"]
[SourceDate "2013.06.25"]
[WhiteTeam "Germany (W)"]
[BlackTeam "Czechia (W)"]
[WhiteTeamCountry "GER"]
[BlackTeamCountry "CZE"]

1. e4 e5 2. Nf3 Nc6 3. Bb5 a6 4. Ba4 d6 5. O-O Nf6 6. d4 b5 7. Bb3 Nxd4 8. Nxd4
exd4 9. a4 Bb7 10. Qxd4 Be7 11. Nc3 O-O 12. Re1 c5 13. Qd1 c4 14. Ba2 b4 15.
Nd5 Nxd5 16. exd5 c3 17. bxc3 Bf6 18. Rb1 Bxc3 19. Bd2 Qd7 20. Bxc3 bxc3 21.
Qd4 Rac8 22. Rb4 a5 23. Rc4 Rxc4 24. Qxc4 Rc8 25. Qe4 g6 26. h4 h5 27. Re3 Qg4
28. Qxg4 hxg4 29. Re4 Rc5 30. Rd4 Kg7 31. Kh2 Kf6 32. Kg3 Ke5 33. Rxg4 Bxd5 34.
Rg5+ f5 35. Bxd5 Rxd5 36. Rxg6 Rc5 37. h5 Rc8 38. f4+ Ke4 39. h6 d5 40. h7 Rh8
41. Re6+ Kd4 42. Re7 Kc4 43. Kf3 d4 44. Rc7+ Kb4 45. Ke2 Kxa4 46. Kd3 Ka3 47.
Rb7 Rd8 48. Rd7 Rh8 49. Kxd4 Kb2 50. Kd3 Rc8 51. Rb7+ Kc1 52. Rc7 1-0

[Event "Mitropa Cup (Women) 10th"]
[Site "Meissen"]
[Date "2013.06.04"]
[Round "4.3"]
[White "Juhasz, Barbara"]
[Black "Brunello, Marina"]
[Result "0-1"]
[WhiteElo "2153"]
[BlackElo "2233"]
[PlyCount "138"]
[EventDate "2013.06.01"]
[EventType "team-tourn"]
[EventRounds "9"]
[EventCountry "GER"]
[Source "ChessBase"]
[SourceDate "2013.06.25"]
[WhiteTeam "Hungary (W)"]
[BlackTeam "Italy (W)"]
[WhiteTeamCountry "HUN"]
[BlackTeamCountry "ITA"]

1. e4 c5 2. Nf3 d6 3. d4 cxd4 4. Qxd4 Nc6 5. Bb5 Bd7 6. Qd3 Nf6 7. c4 g6 8. Nc3
Bg7 9. O-O O-O 10. h3 a6 11. Bxc6 Bxc6 12. Be3 Nd7 13. Bd4 Nc5 14. Qe3 Bxd4 15.
Qxd4 Ne6 16. Qe3 b5 17. cxb5 axb5 18. Rfd1 Qa5 19. Nd5 Rfe8 20. a3 Rab8 21. Nd4
Nxd4 22. Rxd4 Qa7 23. Nb4 Ba8 24. e5 dxe5 25. Qxe5 Rb6 26. Rad1 Qb7 27. f3 Re6
28. Qc5 Qb8 29. Nd5 Bxd5 30. Rxd5 Rc8 31. Qd4 Qg3 32. Rd8+ Rxd8 33. Qxd8+ Kg7
34. Qd4+ f6 35. Qf2 Qe5 36. f4 Qe3 37. Qxe3 Rxe3 38. b4 Rxa3 39. Rd5 Rc3 40.
Rxb5 Rc4 41. Rb7 Kf7 42. g3 Rc2 43. b5 Ke6 44. b6 Rb2 45. Rb8 Kd5 46. Rb7 Ke4
47. Rxe7+ Kf3 48. g4 h5 49. gxh5 gxh5 50. Re6 f5 51. Rh6 h4 52. Rc6 Rb3 53. Kh2
Kxf4 54. Rf6 Rb2+ 55. Kg1 Ke4 56. Kf1 f4 57. Rc6 Ke3 58. Rc3+ Kd4 59. Rf3 Ke4
60. Ra3 Rb1+ 61. Kf2 Rb2+ 62. Kf1 f3 63. Ra4+ Ke3 64. Ra3+ Kf4 65. b7 Kg3 66.
Ra1 Rxb7 67. Kg1 Rb2 68. Rd1 Rg2+ 69. Kh1 Rh2+ 0-1

[Event "Mitropa Cup (Women) 10th"]
[Site "Meissen"]
[Date "2013.06.04"]
[Round "4.3"]
[White "Zimina, Olga"]
[Black "Varga, Klara"]
[Result "0-1"]
[WhiteElo "2335"]
[BlackElo "2204"]
[PlyCount "164"]
[EventDate "2013.06.01"]
[EventType "team-tourn"]
[EventRounds "9"]
[EventCountry "GER"]
[Source "ChessBase"]
[SourceDate "2013.06.25"]
[WhiteTeam "Italy (W)"]
[BlackTeam "Hungary (W)"]
[WhiteTeamCountry "ITA"]
[BlackTeamCountry "HUN"]

1. Nf3 Nc6 2. e4 e5 3. d4 exd4 4. Nxd4 Nf6 5. Nc3 Nxe4 6. Nxe4 Qe7 7. f3 d5 8.
Bb5 Bd7 9. O-O dxe4 10. Bxc6 bxc6 11. fxe4 g6 12. Qf3 Bg7 13. c3 O-O 14. Bf4 c5
15. Nb3 Bc6 16. Qg3 c4 17. Nd2 Rad8 18. Rae1 Qc5+ 19. Qf2 Qb5 20. Nf3 Rde8 21.
Nd4 Qb7 22. Nxc6 Qxc6 23. e5 a5 24. Qe3 Re6 25. Qe4 Qb5 26. Rf2 f6 27. Bg3 Rfe8
28. Qf3 f5 29. Rd2 Bxe5 30. Rd5 Qb6+ 31. Bf2 Qxb2 32. Rdd1 c6 33. g3 Qxc3 34.
Qxc3 Bxc3 35. Rxe6 Rxe6 36. Rc1 Bb4 37. Rxc4 c5 38. Kg2 Re4 39. Rc2 c4 40. Kf3
Kf7 41. Be3 Ke6 42. h3 h5 43. Rc1 Ba3 44. Rc2 Bd6 45. Ba7 h4 46. gxh4 Rxh4 47.
Kg2 g5 48. Bf2 Re4 49. Kf3 g4+ 50. hxg4 Rf4+ 51. Kg2 fxg4 52. Re2+ Kf5 53. Rd2
Bb4 54. Rd8 Re4 55. Kf1 Kf4 56. Kg2 c3 57. Rc8 a4 58. Rc7 a3 59. Rc8 Kf5 60.
Kf1 Ke6 61. Bg3 Kd5 62. Bf2 Rc4 63. Rd8+ Bd6 64. Bg3 Rc6 65. Bf4 c2 66. Bc1 Ke4
67. Ke2 g3 68. Rg8 Be5 69. Rg4+ Kf5 70. Rg5+ Kf6 71. Rh5 Rc8 72. Rh6+ Kg7 73.
Rh1 Bb2 74. Kf3 Rc3+ 75. Ke2 Bxc1 76. Rxc1 Kf6 77. Kd2 Rc5 78. Rf1+ Kg5 79. Kc1
Kg4 80. Rg1 Rc4 81. Rg2 Kh3 82. Re2 g2 0-1

[Event "Mitropa Cup (Women) 10th"]
[Site "Meissen"]
[Date "2013.06.04"]
[Round "4.2"]
[White "Heinatz, Gundula"]
[Black "Kiolbasa, Oliwia"]
[Result "1/2-1/2"]
[WhiteElo "2197"]
[BlackElo "1913"]
[PlyCount "130"]
[EventDate "2013.06.01"]
[EventType "team-tourn"]
[EventRounds "9"]
[EventCountry "GER"]
[Source "ChessBase"]
[SourceDate "2013.06.25"]
[WhiteTeam "Switzerland (W)"]
[BlackTeam "Poland (W)"]
[WhiteTeamCountry "SUI"]
[BlackTeamCountry "POL"]

1. d4 d5 2. c4 dxc4 3. Nf3 Nf6 4. e3 a6 5. Bxc4 e6 6. O-O c5 7. dxc5 Bxc5 8.
Qxd8+ Kxd8 9. Nbd2 b5 10. Be2 Bb7 11. a4 b4 12. Ne5 Ke7 13. Nb3 Bd6 14. Nc4 Bc7
15. Nba5 Bd5 16. Bd2 Rd8 17. Bxb4+ Ke8 18. Rac1 Nbd7 19. Nd6+ Bxd6 20. Bxd6 Ne4
21. Ba3 Nd2 22. Rfd1 Nb3 23. Nxb3 Bxb3 24. Rd6 Nb8 25. Bf3 Ra7 26. a5 Ba4 27.
g4 Rad7 28. Rxd7 Nxd7 29. Rc7 Bb5 30. Kg2 Rb8 31. Bd6 Rd8 32. Kg3 Nf6 33. Bc5
Rd7 34. Rc8+ Rd8 35. Rxd8+ Kxd8 36. Bd4 Ke7 37. g5 Ne8 38. Be4 g6 39. b4 Kd7
40. Bc5 Nd6 41. Bg2 Nc4 42. f4 Nd2 43. Kf2 Nb3 44. Ke1 Kc7 45. Bb6+ Kd7 46. Bf3
Kd6 47. Bd4 Kd7 48. Be5 Nc1 49. Kd2 Nd3 50. Kc3 Nf2 51. Bd4 Bc6 52. Bxc6+ Kxc6
53. Kc4 Ng4 54. b5+ axb5+ 55. Kb4 Nxh2 56. a6 Ng4 57. a7 Kb7 58. Kxb5 h5 59.
gxh6 Nxh6 60. Kc4 Ng4 61. Kd3 f6 62. Ke4 e5 63. Bc5 Nxe3 64. Bxe3 exf4 65. Kxf4
Ka8 1/2-1/2

[Event "Mitropa Cup (Women) 10th"]
[Site "Meissen"]
[Date "2013.06.04"]
[Round "4.2"]
[White "Wozniak, Mariola"]
[Black "Seps, Monika"]
[Result "0-1"]
[WhiteElo "1983"]
[BlackElo "2244"]
[PlyCount "38"]
[EventDate "2013.06.01"]
[EventType "team-tourn"]
[EventRounds "9"]
[EventCountry "GER"]
[Source "ChessBase"]
[SourceDate "2013.06.25"]
[WhiteTeam "Poland (W)"]
[BlackTeam "Switzerland (W)"]
[WhiteTeamCountry "POL"]
[BlackTeamCountry "SUI"]

1. e4 e6 2. d4 d5 3. Nc3 Nc6 4. e5 f6 5. exf6 Qxf6 6. Nf3 a6 7. Be2 Bd6 8. O-O
Nge7 9. Bg5 Qf7 10. Qe1 O-O 11. Bd1 h6 12. Bd2 Ng6 13. Ne2 Bd7 14. c3 e5 15.
dxe5 Ncxe5 16. Nxe5 Nxe5 17. Bc2 Rae8 18. Be3 Ng4 19. Ng3 Bxg3 0-1

[Event "Mitropa Cup (Women) 10th"]
[Site "Meissen"]
[Date "2013.06.04"]
[Round "4.4"]
[White "Repkova, Eva"]
[Black "Krivec, Jana"]
[Result "1-0"]
[WhiteElo "2363"]
[BlackElo "2244"]
[PlyCount "89"]
[EventDate "2013.06.01"]
[EventType "team-tourn"]
[EventRounds "9"]
[EventCountry "GER"]
[Source "ChessBase"]
[SourceDate "2013.06.25"]
[WhiteTeam "Slovakia (W)"]
[BlackTeam "Slovenia (W)"]
[WhiteTeamCountry "SVK"]
[BlackTeamCountry "SLO"]

1. e4 e5 2. Nf3 Nc6 3. Bc4 Bc5 4. c3 Nf6 5. d3 O-O 6. Nbd2 d5 7. Bb3 Be6 8. O-O
a6 9. exd5 Bxd5 10. Bc2 h6 11. Qe2 Re8 12. Ne4 Nxe4 13. dxe4 Be6 14. Ba4 b5 15.
Bb3 Qf6 16. Be3 Bxe3 17. Qxe3 Na5 18. Bxe6 Qxe6 19. b3 Nb7 20. Rac1 c5 21. c4
Red8 22. Qe2 b4 23. Rfd1 Rxd1+ 24. Rxd1 f6 25. Rd5 a5 26. Qd1 Qc6 27. Nh4 a4
28. Nf5 Kh8 29. h3 axb3 30. axb3 Qe8 31. Nxg7 Kxg7 32. Rd7+ Kh8 33. Rxb7 Qg6
34. Qd6 Qg5 35. g3 Rg8 36. Qxc5 Qf4 37. Qe3 Qxe3 38. fxe3 Rxg3+ 39. Kf2 Rxh3
40. Rxb4 Rh2+ 41. Kg3 Rc2 42. Rb7 Rc3 43. Kg4 Rxe3 44. Kf5 Rg3 45. c5 1-0

[Event "Mitropa Cup (Women) 10th"]
[Site "Meissen"]
[Date "2013.06.04"]
[Round "4.4"]
[White "Srebrnic, Ana"]
[Black "Kochetkova, Julia"]
[Result "1/2-1/2"]
[WhiteElo "2203"]
[BlackElo "2348"]
[PlyCount "57"]
[EventDate "2013.06.01"]
[EventType "team-tourn"]
[EventRounds "9"]
[EventCountry "GER"]
[Source "ChessBase"]
[SourceDate "2013.06.25"]
[WhiteTeam "Slovenia (W)"]
[BlackTeam "Slovakia (W)"]
[WhiteTeamCountry "SLO"]
[BlackTeamCountry "SVK"]

1. Nf3 d5 2. d4 Nf6 3. c4 e6 4. Nc3 Be7 5. Bg5 h6 6. Bf4 O-O 7. e3 c5 8. Be2
Nc6 9. dxc5 Bxc5 10. O-O dxc4 11. Qxd8 Rxd8 12. Bxc4 Nh5 13. Bc7 Rd7 14. Be5
Nxe5 15. Nxe5 Rd8 16. Rfd1 Be7 17. Ne4 Rxd1+ 18. Rxd1 Nf6 19. Nd6 Bxd6 20. Rxd6
Kf8 21. Bb5 Ke7 22. Rd2 Ne4 23. Rc2 Nd6 24. Ba4 a6 25. Bb3 Kd8 26. Rd2 Ke7 27.
Rc2 Kd8 28. Rd2 Ke7 29. Rc2 1/2-1/2

[Event "Mitropa Cup (Women) 10th"]
[Site "Meissen"]
[Date "2013.06.05"]
[Round "5.5"]
[White "Hapala, Lisa"]
[Black "Heinatz, Gundula"]
[Result "1-0"]
[WhiteElo "2038"]
[BlackElo "2197"]
[PlyCount "83"]
[EventDate "2013.06.01"]
[EventType "team-tourn"]
[EventRounds "9"]
[EventCountry "GER"]
[Source "ChessBase"]
[SourceDate "2013.06.25"]
[WhiteTeam "Austria (W)"]
[BlackTeam "Switzerland (W)"]
[WhiteTeamCountry "AUT"]
[BlackTeamCountry "SUI"]

1. e4 c5 2. Nf3 e6 3. d4 cxd4 4. Nxd4 a6 5. Bd3 Nf6 6. O-O Qc7 7. Qe2 d5 8. Nd2
Nbd7 9. exd5 Nxd5 10. Nxe6 fxe6 11. Qxe6+ Ne7 12. Ne4 Nc5 13. Nd6+ Kd8 14. Qe5
Be6 15. Qxc5 Nd5 16. Qxc7+ Kxc7 17. Ne4 Rd8 18. Ng5 Bg8 19. Re1 Bc5 20. Bd2 h6
21. Ne4 Be7 22. Nc3 Bf6 23. Nxd5+ Bxd5 24. Bf4+ Kc6 25. Be5 Rhf8 26. Bxf6 Rxf6
27. Re7 g5 28. f3 Rdd6 29. a3 Rf4 30. Re5 g4 31. fxg4 Rxg4 32. g3 b5 33. Rae1
Kb6 34. Rf5 Bg8 35. Rf8 Kc5 36. Re5+ Kb6 37. Re7 Rg5 38. b4 Bd5 39. Rb8+ Kc6
40. Rc8+ Kb6 41. Rb8+ Kc6 42. Ra7 1-0

[Event "Mitropa Cup (Women) 10th"]
[Site "Meissen"]
[Date "2013.06.05"]
[Round "5.5"]
[White "Seps, Monika"]
[Black "Novkovic, Julia"]
[Result "1-0"]
[WhiteElo "2244"]
[BlackElo "2132"]
[PlyCount "93"]
[EventDate "2013.06.01"]
[EventType "team-tourn"]
[EventRounds "9"]
[EventCountry "GER"]
[Source "ChessBase"]
[SourceDate "2013.06.25"]
[WhiteTeam "Switzerland (W)"]
[BlackTeam "Austria (W)"]
[WhiteTeamCountry "SUI"]
[BlackTeamCountry "AUT"]

1. d4 Nf6 2. Nf3 g6 3. Bg5 Bg7 4. Nbd2 d5 5. e3 O-O 6. Bd3 b6 7. O-O Bb7 8. Qe2
Ne4 9. Bh4 Nxd2 10. Nxd2 c5 11. c3 Nd7 12. Rad1 Qe8 13. f4 c4 14. Bc2 f5 15.
Ba4 a6 16. Bxd7 Qxd7 17. Nf3 Bf6 18. Qe1 Qa4 19. a3 Qe8 20. Bg5 Bc6 21. Rd2 Ra7
22. Bh6 Bg7 23. Bxg7 Kxg7 24. Ne5 Ba4 25. h3 e6 26. g4 Rg8 27. Rg2 Kf8 28. Qh4
Qe7 29. Qg3 Qg7 30. Rff2 Ke7 31. Qf3 Kd6 32. h4 Qf8 33. Rg3 a5 34. Rfg2 Rag7
35. Kh2 Be8 36. Qd1 Qe7 37. Kh3 h5 38. gxf5 gxf5 39. Rg5 Rxg5 40. Rxg5 Rg7 41.
Qg1 Rh7 42. Rg8 Bf7 43. Rc8 Be8 44. Qg8 Bd7 45. Rb8 Kc7 46. Ra8 Be8 47. Rxe8
1-0

[Event "Mitropa Cup (Women) 10th"]
[Site "Meissen"]
[Date "2013.06.05"]
[Round "5.1"]
[White "Mareckova, Martina"]
[Black "Deur, Zrinka"]
[Result "1/2-1/2"]
[WhiteElo "2065"]
[BlackElo "2104"]
[PlyCount "82"]
[EventDate "2013.06.01"]
[EventType "team-tourn"]
[EventRounds "9"]
[EventCountry "GER"]
[Source "ChessBase"]
[SourceDate "2013.06.25"]
[WhiteTeam "Czechia (W)"]
[BlackTeam "Croatia (W)"]
[WhiteTeamCountry "CZE"]
[BlackTeamCountry "CRO"]

1. e4 c5 2. d4 cxd4 3. c3 d3 4. Bxd3 Nc6 5. Nf3 g6 6. O-O Bg7 7. Qe2 d6 8. h3
Nf6 9. Be3 O-O 10. c4 Nd7 11. Na3 Nc5 12. Rad1 Qa5 13. Bb1 Na4 14. Bd2 Qc5 15.
Bc1 Qb4 16. Rd2 Nxb2 17. Rxb2 Qxa3 18. Rxb7 Qa4 19. Rb3 Be6 20. Bd3 Nb4 21. Nd2
Nxd3 22. Qxd3 Rfc8 23. Bb2 Bxc4 24. Nxc4 Qxc4 25. Bxg7 Qxd3 26. Rxd3 Kxg7 27.
Rb1 Rab8 28. Rxb8 Rxb8 29. Ra3 Rb7 30. f4 h5 31. Kf2 Kf6 32. Ra5 Rc7 33. g4
hxg4 34. hxg4 Ke6 35. Ke3 Kd7 36. Kd4 Kc6 37. Ra3 Rb7 38. Rc3+ Kd7 39. Ra3 Rb4+
40. Ke3 Rb7 41. Kd4 Rb4+ 1/2-1/2